| 000 | 01401cam a2200301 ia4500 | ||
|---|---|---|---|
| 003 | SA-RiAUC | ||
| 005 | 20250326124338.0 | ||
| 008 | 250321s2014 iq ao g 000 0 ara c | ||
| 040 |
_aSA-JeALM _bara _cSA-RiAUC _erda |
||
| 043 | _aa-iq--- | ||
| 082 | 0 | 4 |
_a011.311 _qSA-RiAUC |
| 090 |
_a011.311 _bق ر هـ |
||
| 100 | 1 |
_aالقره داغي، محمد علي _eمؤلف. |
|
| 245 | 1 | 0 |
_aكنوز الكرد في خزائن دار المخطوطات العراقية وبعض مشاهدات شاهد عصر حول بعض ما جرى في دار المخطوطات العراقية / _cمحمد علي القرداغي. |
| 250 | _aالطبعة الأولى. | ||
| 264 | 1 |
_aأربيل [العراق] : _bمنشورات الأكاديمية الكردية، _c2013 |
|
| 264 | 3 |
_aأربيل [العراق] : _bمطبعة الحاج هاشم |
|
| 300 |
_a2 مجلد (611 صفحة) : _bجداول، صور ؛ _c20 سم |
||
| 336 |
_aنص _btxt _2rdacontent _3كتاب |
||
| 337 |
_aبدون وسيط _bn _2rdamedia |
||
| 338 |
_aمجلد _bnc _2rdacarrier |
||
| 500 | _aالمكتبة يتوافر بها : مجلد 2. | ||
| 500 | _aاهداء من المؤلف بتاريخ \24\9\2013 | ||
| 610 | 2 | 7 |
_aدار المخطوطات العراقية _xتاريخ _2aucnm |
| 650 | 7 |
_aالأكراد _zالعراق _xتاريخ _2aucsh |
|
| 942 |
_2ddc _cBOOK _n0 |
||
| 949 |
_aSA-JeALM _d250321 _umohamedma123 _n1 |
||
| 999 |
_c6647 _d6647 |
||